| 000 | 00535cam a2200205ua 4500 | ||
|---|---|---|---|
| 001 | 5502 | ||
| 008 | 131001n ii |||gr||||Z||||||asm | ||
| 020 | _a978-93-81784-10-5 | ||
| 040 | _cMAIN | ||
| 082 | _a320.954 | ||
| 245 | 1 | 3 |
_aBharatiya sarkar aru rajniti _cby Nabin Gohain |
| 250 | _a1st ed. | ||
| 260 |
_aJorhat: _bBidya bhawan, _c2012. |
||
| 300 | _aviii,397p. | ||
| 653 | _aPolitical science | ||
| 653 | _aBharatiya sarkar aru rajniti | ||
| 700 |
_aDas,Deepan., _eAuthor., |
||
| 700 |
_aGohain,Nabin, _eAuthor. |
||
| 942 | _cBK | ||
| 999 |
_c4681 _d4681 |
||